| 000 | 00467nam a2200145Ia 4500 | ||
|---|---|---|---|
| 008 | 140724s9999 xx 000 0 und d | ||
| 050 |
_aT 58.6 _b.R319 2013 |
||
| 100 | _aRedor, John Joshua S. | ||
| 245 | 2 |
_aA Monitoring strategy for gymahilc _cJohn Joshua S. Redor. |
|
| 260 |
_aLas Piñas, Philippines : _bSouthville International School and Colleges, _cc2013. |
||
| 300 |
_bill. ; _c28 cm. |
||
| 521 | _aInformation Technology | ||
| 942 | _cTH | ||
| 999 |
_c229172 _d229172 |
||